[Event "Danzhou 2nd"]
[Site "Danzhou"]
[Date "2011.05.19"]
[Round "5"]
[White "Wang, Hao"]
[Black "Ding, Liren"]
[Result "1-0"]
[WhiteElo "2732"]
[BlackElo "2664"]
[Annotator "Ftacnik,L"]
[PlyCount "75"]
[EventDate "2011.05.15"]
[EventType "tourn"]
[EventRounds "9"]
[EventCountry "CHN"]
[EventCategory "17"]
[SourceTitle "CBM 143"]
[Source "ChessBase"]
[SourceDate "2011.07.15"]
[SourceVersion "1"]
[SourceVersionDate "2011.07.15"]
[SourceQuality "1"]

1. d4 Nf6 2. c4 g6 3. Nc3 Bg7 4. e4 d6 5. f3 O-O 6. Be3 Nc6 7. Nge2 a6 8. Qd2
Rb8 9. h4 h5 10. Nc1 e5 11. d5 Nd4 12. Nb3 c5 {Black players have always
believed, that the dance of White's knight Ng1-e2-c1-b3-d4 is too slow. Theory
has so far promised compensation for the sacrificed pawn.} (12... Nxb3 13. axb3
$14) 13. dxc6 bxc6 14. Nxd4 exd4 15. Bxd4 Re8 (15... c5 $143 $6 16. Be3 Be6 17.
b3 Ne8 18. Bh6 f5 19. Bxg7 Kxg7 20. Be2 Qf6 21. exf5 Bxf5 22. O-O-O Nc7 23. g4
$16 {Sakaev-Barcenilla/Doha 1993/}) (15... Be6 $143 $6 16. Be2 c5 (16... d5 17.
exd5 cxd5 18. c5 $16) 17. Be3 Nd7 18. b3 Ne5 19. Rd1 Nc6 20. Bd3 Bd4 21. Ne2
Bxe3 22. Qxe3 Kg7 23. Bc2 a5 24. Qc3+ f6 25. Rd2 a4 26. O-O axb3 27. axb3 $16 {
Bagirov-Lanka/Riga 1991/}) (15... Qa5 16. Rc1 (16. Rd1 c5 17. Be3 Rxb2 $2 18.
Qxb2 Nxe4 19. fxe4 {1-0 Campos-Rahal/Barcelona 1992/} Bxc3+ 20. Bd2 $18) (16.
Be2) 16... d5 (16... Be6 17. b3 Qb4 18. Be2 a5 19. Qf4 Nd7 20. Bxg7 Kxg7 21.
O-O Qc5+ 22. Kh2 $16 {Bischoff-Sznapik/Biel 1991/}) (16... Re8 17. b3 $16) 17.
cxd5 cxd5 18. Bxf6 Bxf6 19. Nxd5 Qxd2+ 20. Kxd2 Rxb2+ 21. Rc2 Rxc2+ 22. Kxc2
Be5 23. Bc4 $14 {Razuvaev,Y-Uhlmann,W/Copenhagen 1991/}) 16. Rd1 {[%mdl 4] The
centralising of the rook serves multiple purposes, but first of all it helps
to control all the squares along the semi-open d-file.} (16. Be2 d5 $1 {
Black is so well developed, that the first player finds it difficult to cope
with all the threats.} (16... Qa5 17. Rc1 Qb4 (17... d5 18. cxd5 cxd5 19. e5
Nd7 20. f4 Nf8 21. O-O Ne6 22. Bf3 Nxd4 23. Qxd4 Rb4 24. Qd2 Qb6+ 25. Rf2 $16 {
Ibragimov-Zamora/Philadelphia op 1992/}) (17... Be6 18. b3 Rbc8 (18... Kh7 19.
O-O Bh6 20. Be3 Qc5 (20... Bxe3+ 21. Qxe3 Qd8 22. Rfd1 Qe7 23. Rd2 Red8 24.
Rcd1 $16 {Razuvaev-Gretarsson/Reykjavik op 1990/}) 21. Bxc5 Bxd2 22. Bxd6 Bxc1
23. Rxc1 Rb7 24. Na4 Nd7 25. Kf2 f6 26. Rd1 Kg7 27. Bf4 $16 {
Gheorghiu-Schaffner/Bern op 1991/}) 19. O-O d5 20. exd5 cxd5 21. Qf4 $1 Bf5 22.
cxd5 $16 {Knaak-Thomas/Badenweiler op 1990/}) 18. b3 a5 19. O-O Ba6 20. Rfd1
Re6 21. Bf1 Kh7 22. Rc2 $16 {1-0 Spraggett,K (2565)-Sellos,D (2425)/Cannes
1993 (64)}) 17. e5 (17. exd5 cxd5 18. c5 Rb4 $1 $17) (17. cxd5 Rb4 $1 (17...
cxd5 18. e5 (18. exd5 $6 Nxd5 19. Bxg7 Kxg7 20. Rd1 Nxc3 21. Qxc3+ Qf6 22.
Qxf6+ Kxf6 23. b3 a5 $11 {Adler-Bukic/Bled 1992/}) 18... Nd7 19. f4 Bh6 (19...
f6 20. e6 Rxe6 (20... Nf8 21. f5 $1) 21. f5 $1 (21. O-O $14) 21... gxf5 22. O-O
$16) (19... Nf8 20. Bf2 (20. Bc5 $5 Ne6 21. Bd6 Rb6 22. O-O-O Rxd6 23. exd6 d4
24. Ne4 f5 25. Ng5 Qxd6 26. Bc4 $16) 20... Ne6 (20... f6 $5 21. O-O-O (21. exf6
Bxf6 22. O-O d4 23. Bc4+ Be6 24. Bxe6+ Nxe6 25. Ne4 Bxh4) 21... fxe5 22. fxe5
Bxe5 23. Bd4 $14) 21. O-O Qa5 (21... f6 $1 22. f5 (22. Nxd5 fxe5 23. fxe5 Bxe5)
22... gxf5 23. Bxh5 Rf8 24. exf6 Bxf6 25. Nxd5 Rxb2 26. Nxf6+ Qxf6 27. Qd6 $16)
22. b4 (22. Rad1 d4 23. Bxd4 (23. Ne4 Qxd2 24. Rxd2 Nxf4) 23... Rd8) 22... Rxb4
(22... Qxb4 23. Rab1 Qxf4 24. Qxf4 Nxf4 25. Rxb8 Bxe5 26. Ra8 Bxc3 27. Bxa6 Bd7
28. Rxe8+ Bxe8 29. Bb6 $16) 23. Nxd5 Ra4 24. Qxa5 Rxa5 25. Bf3 Bb7 (25... Rxd5
$2 {founders on} 26. Bxd5 Nxf4 27. Bxf7+ Kxf7 28. Bd4 $18) 26. Nf6+ Bxf6 27.
Bxb7 {0-1 Shtyrenkov,V (2502)-Potapov,A (2513)/Noyabrsk 2003 (37)}) 20. Qe3 (
20. Be3 $2 Nxe5 $1 21. fxe5 (21. Nxd5 Ng4 $17) 21... Bxe3 22. Qxe3 d4 $17) (20.
Nxd5 Nxe5 $1) 20... Rxb2 (20... Nxe5 $2 21. Bxe5 f6 22. Bxf6 $1 (22. Qg3 $1
fxe5 23. Qxg6+ $16) 22... Rxe3 23. Bxd8 $16) 21. Rd1 $1 (21. O-O $6 Nxe5 $1 22.
Bxe5 Rxe5 $1 23. Qxe5 Bg7 24. Qxd5 Qb6+ 25. Kh1 Bxc3 $44) 21... Nf6 $1 (21...
Nxe5 $6 22. Bxe5 Rxe5 23. Qxe5 Bg7 24. Qe3 $16 (24. Rxd5 $2 Qb6 $1 25. Qe8+ Kh7
26. Qxc8 Qe3 $19 27. Qc4 Bxc3+ 28. Kf1 Rb1+ 29. Rd1 Rxd1+ 30. Bxd1 Qe1#) 24...
d4 25. Qc1 $18) 22. O-O (22. Qc1 Rxe2+ $1 23. Nxe2 Bg4 $36 (23... Ne4 $44) 24.
Rd3 Bxe2 25. Kxe2 Qd7 $44) (22. Bf3 $2 Ng4 23. Qc1 Nxe5 $1) 22... Ng4 (22...
Bg4 $6 23. Bf3 Bxf3 24. Qxf3 Ng4 25. Nxd5 Qxh4 26. Qh3 $16) 23. Qg3 (23. Bxg4
$6 Bxg4 24. Rb1 Rxb1 25. Rxb1 Qd7 26. Rb6 Bf8 27. Rxa6 Rc8 $132) 23... Be6 24.
Bxa6 $1 (24. Bd3 $5) 24... Qa5 25. Bd3 $14 {1-0 Karpov,A (2715)-Kindermann,S 
(2505)/Baden-Baden 1992 (34)}) 18. Bc5 (18. e5 $143 $6 Nxd5 19. Nxd5 Rxd4 $1
20. Qxd4 Rxe5 $5 (20... Bxe5 $36)) (18. Bf2 $5 cxd5 (18... Nxe4 19. fxe4 (19.
Nxe4 Rxb2 20. Qd1 cxd5 $40) 19... Bxc3 20. Qxc3 Rbxe4 21. O-O Rxe2 22. dxc6 $16
) 19. Rd1 Qa5) 18... Nxe4 19. fxe4 (19. Nxe4 $2 Rxb2 {/\ cd5->}) 19... Bxc3 20.
Qxc3 Rbxe4 21. O-O (21. O-O-O Rxe2 22. d6 (22. dxc6 $2 Qc7 $17 {
Fattoumi-Gurevich,V/Le Touquet 1995/}) 22... Bf5 (22... Rxg2 23. Rhe1 $1 $44)
23. Rhe1 (23. Rd2 $11 Re1+ 24. Rd1 R1e2 25. Rd2 $11 {leads to a repetition of
moves.}) 23... Qxh4 24. Rxe2 Rxe2 25. d7 Qf4+ 26. Be3 Qxe3+ 27. Qxe3 Rc2+ {
Ernst-Carlson/Stockholm/1995/}) 21... Rxe2 22. dxc6 (22. d6 $143 $6 Be6 {/\ Bd5
}) (22. Rad1 $143 $2 cxd5 $15 {Rogozenko-Guliev/Russia 1993/}) 22... Qxh4 $13)
17... c5 (17... Nd7 $1 18. f4 (18. e6 fxe6 19. Bxg7 Kxg7 20. O-O-O Qf6 21. g4
hxg4 22. fxg4 Nc5 23. h5 g5 24. h6+ Kh8 25. Rh5 e5 26. Qe3 Bxg4 27. Rf1 Qe7 28.
Bxg4 d4 29. Qg3 dxc3 30. Qxc3 Rxb2 $17 {1/2-1/2 Lautier,J (2680)-Golubev,M 
(2532)/playchess.com INT 2004 (39)}) 18... c5 (18... Bh6 19. Be3 (19. cxd5 Nxe5
20. Bxe5 Rxe5) 19... Nxe5 20. fxe5 (20. cxd5 Ng4 21. dxc6 Qxd2+ 22. Bxd2 Rxb2)
20... Bxe3 21. Qxe3 d4 22. Qd2 dxc3 23. Qxc3 Qc7 $11) 19. Bf2 d4 20. Ne4 Bh6
21. Ng5 f6) 18. Bxc5 (18. exf6 cxd4 19. fxg7 dxc3 20. bxc3 Kxg7 (20... Qb6 $2
21. Qh6 Rxe2+ 22. Kxe2 Qb2+ 23. Kf1 Qxa1+ 24. Kf2 Rb2+ 25. Kg3 $18) 21. cxd5
Qb6 22. Kf1 (22. Rd1 Bd7 $132) 22... Bf5 (22... Kg8 23. g3 Bf5 24. Rd1) 23. g3
(23. Qd4+ Qxd4 24. cxd4 a5)) 18... Nd7 (18... Rxe5 19. Bd4 Re8 20. cxd5 $16)
19. Bd6 Nxe5 {This is a fantastic idea!} 20. Bxb8 Nxc4 21. Qc1 Bf5 {1/2-1/2
Lautier,J (2677)-Smirin,I (2656)/Rethymnon 2003 Black's counterplay is very
annoying.}) (16. O-O-O Qa5 $1 $132) 16... d5 (16... Be6 17. Be2 c5 18. Be3 Nd7
19. b3 Ne5 20. Rc1 Nc6 21. Bg5 f6 22. Be3 f5 23. Bg5 Qd7 24. O-O Nd4 25. Bd3
$16 {1-0 Levitt,J (2427)-Buckley,G (2285)/London 1999 (47)}) 17. cxd5 cxd5 (
17... Rb4 $2 18. Bc5 Nxe4 19. fxe4 Bxc3 20. Qxc3 Rbxe4+ 21. Kf2 Bg4 22. Rd2
cxd5 23. Kg1 $18) 18. e5 Nd7 $6 {Ding Liren has failed to appreciate the
dangers after White's 16th move and is playing along well known patterns. He
should have tried the spirited idea 18...Qc7!} (18... Qc7 $1 19. Be2 (19. f4
Ne4 20. Nxe4 dxe4 21. Kf2 Rd8 22. Be2 Be6 $14) 19... Rxe5 20. Bxe5 Qxe5 21. O-O
Bf8 $14) 19. f4 f6 $2 {The second weaker move pushes Black close to the gate
of oblivion. Despite all the problems the fine idea 19...Bh6!? would have
offered chances to hold the dangerous position.} (19... Bh6 $5 20. Qf2 f6 21.
Nxd5 (21. Bd3 fxe5 22. fxe5 Nxe5 23. O-O Bg4 24. Bxg6 Rf8 25. Qc2 Bg7) 21...
Nxe5 22. Nxf6+ Qxf6 23. fxe5 Rxe5+ 24. Be2 Qxf2+ 25. Kxf2 Rf5+ 26. Bf3 Be6 27.
Bc3 Bxa2 28. Rd6 Bf7 29. Rxa6 Bg7 $14) 20. Ba7 $1 Rb7 (20... Rb4 21. Nxd5 Re4+
22. Be2 Nxe5 (22... fxe5 23. O-O $16) 23. fxe5 R4xe5 24. Ne3 $16) 21. Qxd5+ Kh8
22. Be3 fxe5 (22... Rxb2 23. Qf7 Rc2 24. Ne4 fxe5 25. f5 $1 Rf8 26. Qxg6 $18)
23. f5 $1 {The key idea of White's whole set up. The f-pawn advance closes the
e-file and shatters Black's kingside cover instead.} Rxb2 $2 {In this game
Black is strictly wed to misery. This dangerous position was calling for a
real effort to minimise the demage, only 23...Rf8! seems to have promised real
fighting chances.} (23... gxf5 24. Qf3 Re6 25. Qxh5+ Kg8 26. Bc4 $18) (23...
Rf8 $1 24. Qd2 (24. fxg6 Rxb2 25. Rd2 Rxd2 26. Qxd2 Nf6 $14) 24... Rb4 (24...
gxf5 25. Bxa6 Rxb2 26. Qxb2 Bxa6 27. Qa3 Bb7 28. Bg5 Qc7 29. O-O $16) 25. fxg6
(25. Nd5 Rd4 $1 26. Bxd4 exd4 27. Be2 (27. Nf4 Ne5 $11) 27... Rxf5 28. Nf4 Ne5
29. O-O Qxh4 $11) 25... Rxh4 26. Rh3 Qf6 27. Rf3 Qxg6 28. Rxf8+ Bxf8 29. Qf2
$16) 24. Qf7 $1 e4 (24... Rf8 25. Qxg6 Qe8 26. Qxe8 Rxe8 27. Be2 e4 28. Nd5 $16
) 25. Bd4 Nf6 $5 {This move is not the best, but at least Black is teasing his
opponent into a fascinating tactical line.} (25... Bxd4 26. Rxd4 Qe7 27. Qxg6
Nf6 28. Rh3 Qg7 29. Rg3 Qxg6 30. Rxg6 Rf8 $16) 26. Qxg6 {Wang Hao did not feel
obliged to walk the narrow tightrope. The natural continuation of the attack
is very good and much less risky.} (26. Bxf6 $5 Bxf6 27. Rxd8 Bxc3+ 28. Rd2 Rd8
29. Qxg6 Bxf5 (29... Rdxd2 30. Qh6+ Kg8 31. Bc4+ Rd5+ 32. Kf1 $18) 30. Qxf5
Rbxd2 31. Qxh5+ Kg7 32. Qg5+ Kh7 33. Rh3 Rd1+ 34. Kf2 Rf8+ 35. Kg1 Rfxf1+ 36.
Kh2 $18) 26... Rf8 27. Be2 (27. Rh3 Qe8 28. Qg5 $16) 27... Qc7 (27... Qe8 28.
Qg5 Qf7 29. O-O $16) 28. O-O Rc2 (28... Bb7 29. Bxh5 Rc2 30. Ne2 $16) 29. Nd5
$1 Nxd5 (29... Qf7 30. Nf4 Kg8 31. Qg5 $18) 30. Bxg7+ {Quite possibly the
start of the exchanging combination with 30.Qxh5+ was more precise, but the
difference does not play a vital role.} (30. Qxh5+ Kg8 31. Bxg7 Kxg7 (31...
Qxg7 32. Rxd5 Qf7 33. Qg5+ Qg7 34. Qe3 $18) 32. Rxd5 Qb6+ 33. Kh2 Qf6 34. Rf4
$18) 30... Qxg7 31. Qxh5+ Qh7 (31... Kg8 32. Rxd5 $18) 32. Rxd5 Qxh5 33. Bxh5
e3 (33... Rxa2 34. f6 e3 35. Bf3 $16) 34. f6 Rxa2 35. Bf3 Be6 (35... Rxf6 36.
Rd8+ Kg7 37. Rxc8 $18) 36. Rh5+ $1 Kg8 37. Re5 Bc4 {Unfortunately for Black
his bishop has no sensible squares along tha a2-g8 diagonal.} (37... Rxf6 38.
Rxe6 Rxe6 39. Bd5 $18) (37... e2 38. Bxe2 Rxe2 39. Rxe2 Bc4 40. f7+ Kg7 41. Re8
Bxf1 42. Rxf8 Kxf8 43. Kxf1 Kxf7 44. Ke2 $18) 38. Rc1 (38. Rc1 Bf7 39. Rxe3 $18
) 1-0

[Event "EU-chT (Men) 18th"]
[Site "Porto Carras"]
[Date "2011.11.09"]
[Round "7.3"]
[White "Bartel, Mateusz"]
[Black "Jones, Gawain C B"]
[Result "1/2-1/2"]
[WhiteElo "2653"]
[BlackElo "2635"]
[Annotator "Jones,G"]
[PlyCount "73"]
[EventDate "2011.11.03"]
[EventType "team-swiss"]
[EventRounds "9"]
[EventCountry "GRE"]
[SourceTitle "CBM 146"]
[Source "ChessBase"]
[SourceDate "2012.01.18"]
[SourceVersion "1"]
[SourceVersionDate "2012.01.18"]
[SourceQuality "1"]
[WhiteTeam "Poland"]
[BlackTeam "England"]
[WhiteTeamCountry "POL"]
[BlackTeamCountry "ENG"]

1. d4 Nf6 2. c4 g6 3. Nc3 Bg7 4. e4 d6 5. f3 {The Sämisch is becoming more
popular at top level again with 5...c5 not being the panacea it appeared.} O-O
6. Nge2 a6 $5 {I decided to sidestep any preparation by my opponent and chose
the Panno Variation. This line reminds me of certain lines of the Pirc where
White will have more space and central control but has to be careful to stifle
Black's pawn breaks.} 7. Be3 Nc6 8. Qd2 Rb8 9. Rc1 {Bartel chooses the
positional treatment.} ({White can also play more aggressively with} 9. h4)
9... Bd7 {I hadn't had much time to prepare this line in the morning as Bartel
plays so many different things but I'd seen an interesting annotated game by
David Vigorito on www.chesspublishing.com and decided to follow that plan.} 10.
Nd1 {On the surface this move looks odd but the point is to react to ...b5
with c4-c5 when White can recapture with the rook to keep his centre intact.}
e6 {Keeping the structure flexible but of course there are lots of ways of
playing.} (10... b5) ({and} 10... e5 {are both more common.}) 11. g3 Re8 $5 {
A mysterious move but the point will soon become apparent.} 12. Bg2 {This is
probably an improvement over the game I saw in my brief preparation.} ({
That continued:} 12. Nf2 b5 13. c5 dxc5 14. Rxc5 Bf8 $1 {This is the point.}
15. Rc1 e5 16. Nd3 $6 (16. d5 {with a position similar to the game should have
been preferred.}) 16... Nxd4 17. Nxd4 exd4 18. Bxd4 {Cheremnova,T (2221)
-Kurnosov,I (2653) Olginka 2011 when the most accurate would have been} Nxe4
19. fxe4 Rxe4+ 20. Be3 Bh6 21. Nf4 Bxf4 22. gxf4 Qh4+ 23. Kd1 Bg4+ 24. Kc2 Bf5
25. Bd3 Rd8 {with a decisive attack.}) 12... b5 13. c5 {This is White's usual
response to the ...b7-b5 break. Practice has shown White doesn't have any
significant advantage with 13.cxb5 or 13.b3.} dxc5 14. Rxc5 Bf8 $1 {Rerouting
the bishop to a more useful diagonal.} 15. Rc1 e5 {White's centre looks
commanding but for the moment he hasn't quite coordinated his pieces and so
Black needs to play actively so as not to drift into a passive position.} 16.
d5 Bb4 17. Nec3 (17. Ndc3 Na5 18. b3 c6 {looks quite comfortable for Black.})
17... Nd4 $5 {Offering a pawn but then White's dark squares would be extremely
vulnerable.} (17... Na5 {was still possible when} 18. Bg5 Nc4 19. Qd3 Be7 $13 {
is simply unclear.}) 18. f4 $5 {The following few moves see both sides
jostling for the initiative.} (18. Bxd4 exd4 19. Qxd4 Ba5 {gives Black great
compensation as White's king is stuck in the centre and he is really missing
his dark squared bishop.}) 18... c5 19. O-O Ng4 {Played after an extremely
long think and probably correct.} (19... exf4 {was the move I concentrated on.}
20. Bxf4 Nxe4 21. Bxe4 Rxe4 22. Bxb8 Qxb8 {Black has an extra pawn for the
exchange and White's king is looking vulnerable. However I was a bit concerned
that following} 23. a3 {My pieces would be too loose. However the computer
comes up with} Ne2+ 24. Kg2 Qc8 $1 25. axb4 Bh3+ 26. Kh1 Bxf1 27. Nxe4 Qf5 28.
Qe3 Nxc1 29. Ndf2 Bd3 30. Kg1 Ne2+ 31. Kg2 Bxe4+ 32. Nxe4 Nd4 33. d6 Nc2 34.
Qf4 Qxf4 35. gxf4 Nxb4 36. Nxc5 Kf8 37. Kf3 Ke8 38. Ke4 a5 39. Kd4 {which
appears to be drawn. A fascinating line that is obviously not forced but shows
the tactics in the position.}) 20. fxe5 Nxe3 {I decided to get rid of the
bishop to lessen any kingside attack.} ({However} 20... Nxe5 {was also
playable. I was worried by} 21. Bg5 {but here Black has} Ne2+ $1 22. Kh1 Nc4 {
This was the move I'd missed.} 23. Qxe2 Qxg5 24. Nf2 Qe3 {when Black's bishop
pair should give him some advantage.}) 21. Qxe3 Ba5 $5 {Redploying that bishop
on b6. Otherwise I was worried that I might not have been able to keep c5
protected.} (21... Rxe5 {was of course the initial plan but} 22. Nf2 {is a
little awkward to deal with. Black has to play} Qg5 {but} 23. Qxg5 Rxg5 24. Kh1
{is probably a little easier for White.}) 22. d6 {Gaining the d5-square for
his knight but probably the wrong choice.} ({Instead there were a couple of
paths to an advantage to White here.} 22. Qf2 Rxe5 23. Qxf7+ Kh8 24. Rf2 Re8
25. Kh1 $14 {when Black's compensation for the pawn isn't completely
convincing.}) (22. Qf4 Rf8 (22... b4 23. Rf2 $1 {is a tough move to spot but
very strong.} Bb6 (23... bxc3 24. bxc3 Nb5 25. Qxf7+ Kh8 26. e6 Bc8 27. e5 {
looks very dangerous.}) 24. Qxf7+ Kh8 25. Kh1 $1 {and White seems to have the
better chances.}) (22... Qe7 23. d6 Qe6 24. Rf2 $14) 23. Rf2 $14) 22... Rxe5
23. Nd5 Rxd5 $1 {That knight is far too strong a beast and must be taken.} 24.
exd5 Nf5 25. Qf4 c4 26. Kh1 Qf8 27. Nc3 Nxd6 {Black has managed to get a pawn
for the exchange and White's initiative has been neutralised. With the bishop
pair Black probably has any edge going here but objectively the position is
around equal.} 28. Ne4 Nxe4 29. Qxe4 Qd6 30. b3 Bd2 31. Rcd1 c3 32. Qd4 Rc8 33.
Rxd2 {My c-pawn had become too strong so this counter-sacrifice is forced.}
cxd2 34. Qxd2 Bf5 35. Qd4 h5 36. Re1 Bd7 37. Qf2 {Here my opponent offered me
a draw and I decided to accept. The match situation was looking dire and
thought we needed any half points going!} 1/2-1/2

[Event "EU-chT (Men) 18th"]
[Site "Porto Carras"]
[Date "2011.11.09"]
[Round "7.4"]
[White "Morozevich, Alexander"]
[Black "Illescas Cordoba, Miguel"]
[Result "1-0"]
[WhiteElo "2762"]
[BlackElo "2609"]
[Annotator "RR"]
[PlyCount "63"]
[EventDate "2011.11.03"]
[EventType "team-swiss"]
[EventRounds "9"]
[EventCountry "GRE"]
[SourceTitle "CBM 146"]
[Source "ChessBase"]
[SourceDate "2012.01.18"]
[SourceVersion "1"]
[SourceVersionDate "2012.01.18"]
[SourceQuality "1"]
[WhiteTeam "Russia"]
[BlackTeam "Spain"]
[WhiteTeamCountry "RUS"]
[BlackTeamCountry "ESP"]

1. d4 Nf6 2. c4 g6 3. Nc3 Bg7 4. e4 d6 5. f3 O-O 6. Be3 a6 7. Qd2 Nc6 8. Nge2
Rb8 9. Rb1 b5 10. cxb5 axb5 11. b4 Bd7 12. d5 Ne5 13. Nd4 e6 14. Be2 exd5 15.
exd5 Re8 16. O-O Nc4 17. Bxc4 bxc4 18. Nc6 Bxc6 19. dxc6 Ra8 20. a4 Nh5 21. Bd4
Bxd4+ 22. Qxd4 Qg5 23. f4 Qg4 24. b5 Re6 25. Rb2 Rae8 26. Rbf2 Re1 27. Qxc4 g5
$2 (27... Nf6 28. Qd4 Qh5) 28. Nd5 $18 R8e2 29. b6 gxf4 30. Rxe2 Rxe2 {[%tqu
"En","","","","c4e2","",10]} 31. Qxe2 $1 Qxe2 32. bxc7 1-0